Die Schwefeloxide in Rauchgasen und in der Atmosphäre.

Uložené v:
Podrobná bibliografia
Hlavný autor: Spengler, G.
Médium: Kniha
Jazyk:Slovak
Vydané: 1965.
Tagy: Pridať tag
Žiadne tagy, Buďte prvý kto otaguje tento záznam!

MARC

LEADER 00000nam a22000004a 4500
001 000530833
005 20170112171924.0
008 170112s1965 xo e 000 0 slo d
040 |a SVKKK  |b slo  |c SVKKK  |e AACR2 
100 1 |a Spengler, G. 
245 1 0 |a Die Schwefeloxide in Rauchgasen und in der Atmosphäre. 
260 |c 1965. 
500 |a Záznam revízie 
910 |a svkkk 
998 |a BK 
090 |g SCKHL  |k Sklad  |a X0.7199  |j 031828  |i 530833-10  |4 Zastaraná  |s Vyradená